000
00266nam a22001097a 4500
008
170116b xxu||||| |||| 00| 0 eng d
020
_a
9781578397617
041
_a
eng
080
_a
618.2
245
_a
ENDING NURSE-TO-NURSE HOSTILITY
_c
BARTHOLOMEW, K
942
_2
udc
_c
BK
999
_c
2941
_d
2941